[Event "Oberliga Ost-A 1415"]
[Site "Germany"]
[Date "2014.10.18"]
[Round "2.5"]
[White "Hovsepyan, Vardan"]
[Black "Eidner, Falk"]
[Result "1-0"]
[WhiteElo "2072"]
[BlackElo "2033"]
[PlyCount "93"]
[EventDate "2014.09.21"]
[EventType "team-tourn"]
[EventRounds "11"]
[EventCountry "GER"]
[SourceTitle "EXT 2016"]
[Source "ChessBase"]
[SourceDate "2015.10.08"]
[SourceVersion "1"]
[SourceVersionDate "2015.10.08"]
[SourceQuality "1"]
[WhiteTeam "Hoyerswerda"]
[BlackTeam "Chemnitz USG"]
[WhiteTeamCountry "GER"]
[BlackTeamCountry "GER"]

1. d4 Nf6 2. Nf3 e6 3. e3 b6 4. Bd3 Bb7 5. b3 Bb4+ 6. c3 Be7 7. 0-0 0-0 8. Nbd2 d6 9. Bb2 Nbd7 10. Qc2 Rc8 11. e4 e5 12. c4 exd4 13. Nxd4 Re8 14. Rae1 Bf8 15. Qb1 g6 16. f4 Bg7 17. Bc2 c6 18. N2f3 Nh5 19. Ng5 d5 20. g3 dxe4 21. Nxe4 Nc5 22. Rd1 Nxe4 23. Bxe4 Qc7 24. Bf3 Nf6 25. Qa1 a6 26. Nf5 gxf5 27. Bxf6 Bxf6 28. Qxf6 Re6 29. Qxf5 c5 30. Bd5 Bxd5 31. Rxd5 Rce8 32. Rf2 h6 33. Kg2 Qe7 34. Kh3 Qf8 35. Re5 Qg7 36. Rfe2 Rxe5 37. Rxe5 Rd8 38. Kh4 Kf8 39. Kh3 Kg8 40. Re7 Rf8 41. Qg4 Qxg4+ 42. Kxg4 Rd8 43. Rb7 Rd6 44. h4 Kg7 45. h5 Kf6 46. Kh4 Ke6 47. g4 1-0

[Event "Oberliga Ost-A 1213"]
[Site "Germany"]
[Date "2012.11.11"]
[Round "3.8"]
[White "Eidner, Falk"]
[Black "Hansch, Torsten"]
[Result "0-1"]
[WhiteElo "2038"]
[BlackElo "2080"]
[PlyCount "62"]
[EventDate "2012.10.14"]
[EventType "team-tourn"]
[EventRounds "11"]
[EventCountry "GER"]
[SourceTitle "EXT 2014"]
[Source "ChessBase"]
[SourceDate "2013.11.20"]
[SourceVersion "1"]
[SourceVersionDate "2013.11.20"]
[SourceQuality "1"]
[WhiteTeam "Chemnitz"]
[BlackTeam "Magdeburg Rochade"]
[WhiteTeamCountry "GER"]
[BlackTeamCountry "GER"]

1. e4 c5 2. Nf3 d6 3. d4 cxd4 4. Nxd4 Nf6 5. Nc3 a6 6. f3 e5 7. Nb3 Be6 8. Be3 Be7 9. Qd2 0-0 10. 0-0-0 Nbd7 11. g4 b5 12. g5 b4 13. Nd5 Nxd5 14. exd5 Bf5 15. h4 a5 16. Bd3 a4 17. Nc5 b3 18. Kb1 Bxd3 19. Nxd3 Nb6 20. Bxb6 Qxb6 21. cxb3 axb3 22. a3 Rfc8 23. Nb4 Rc4 24. Qd3 Rxb4 25. axb4 Qxb4 26. Qc3 Qa4 27. Kc1 Qf4+ 28. Kb1 Qa4 29. Kc1 Bd8 30. Qc6 Qf4+ 31. Kb1 Qf5+ 0-1

[Event "Budapest Spring op 27th"]
[Site "Budapest"]
[Date "2011.03.25"]
[Round "9"]
[White "Eidner, Falk"]
[Black "Juracsik, Jozsef"]
[Result "1-0"]
[WhiteElo "2035"]
[BlackElo "2228"]
[PlyCount "91"]
[EventDate "2011.03.18"]
[EventType "swiss"]
[EventRounds "9"]
[EventCountry "HUN"]
[SourceTitle "CBM 141 Extra"]
[Source "ChessBase"]
[SourceDate "2011.05.03"]
[SourceVersion "1"]
[SourceVersionDate "2011.05.03"]
[SourceQuality "1"]

1. e4 c5 2. Nf3 d6 3. d4 cxd4 4. Nxd4 Nf6 5. Nc3 a6 6. f3 e5 7. Nb3 Be6 8. Be3 Nbd7 9. g4 h6 10. Qd2 b5 11. 0-0-0 Be7 12. Kb1 Nb6 13. Qf2 Nfd7 14. Nd5 Bxd5 15. exd5 Qc7 16. h4 Nc4 17. Bxc4 bxc4 18. Nc1 Rb8 19. Ne2 Nf6 20. Bc1 Qb7 21. Nc3 g6 22. Qe2 Qb4 23. Ka1 h5 24. a3 Qc5 25. Be3 Qc8 26. g5 Nd7 27. Ne4 Qb7 28. c3 0-0 29. Rh2 Qc7 30. Rf2 Rb5 31. f4 Rfb8 32. Qf3 Qb7 33. Rb1 Qxd5 34. f5 gxf5 35. Qxf5 Qe6 36. Qf3 Nf8 37. Qxh5 Ng6 38. Qh6 Bf8 39. Qh5 Bg7 40. Nf6+ Kf8 41. Qh7 Ne7 42. h5 Nc6 43. Qg8+ Ke7 44. Qxg7 Na5 45. g6 Nb3+ 46. Ka2 1-0

[Event "Oberliga Ost-A 0910"]
[Site "Germany"]
[Date "2009.10.18"]
[Round "1.8"]
[White "Nestler, Reiner"]
[Black "Eidner, Falk"]
[Result "1/2-1/2"]
[WhiteElo "2169"]
[BlackElo "1986"]
[PlyCount "22"]
[EventDate "2009.10.18"]
[EventType "team-tourn"]
[EventRounds "11"]
[EventCountry "GER"]
[SourceTitle "EXT 2011"]
[Source "ChessBase"]
[SourceDate "2010.11.26"]
[SourceVersion "1"]
[SourceVersionDate "2010.11.26"]
[SourceQuality "1"]
[WhiteTeam "Hoyerswerda"]
[BlackTeam "Chemnitz"]
[WhiteTeamCountry "GER"]
[BlackTeamCountry "GER"]

1. d4 Nf6 2. c4 e6 3. Nc3 Bb4 4. Nf3 c5 5. e3 Nc6 6. a3 Bxc3+ 7. bxc3 0-0 8. Be2 d6 9. 0-0 e5 10. h3 b6 11. Qc2 Ba6 1/2-1/2

[Event "GER-ch U25 op"]
[Site "Willingen"]
[Date "2009.06.02"]
[Round "5"]
[White "Kabitzke, Julian"]
[Black "Eidner, Falk"]
[Result "1/2-1/2"]
[WhiteElo "1823"]
[BlackElo "2006"]
[PlyCount "76"]
[EventDate "2009.05.30"]
[EventType "swiss"]
[EventRounds "9"]
[EventCountry "GER"]
[SourceTitle "EXT 2010"]
[Source "ChessBase"]
[SourceDate "2010.11.25"]
[SourceVersion "1"]
[SourceVersionDate "2010.11.25"]
[SourceQuality "1"]

1. Nf3 Nf6 2. d4 e6 3. Bg5 d5 4. c4 Be7 5. Nc3 c6 6. e3 Nbd7 7. Bd3 0-0 8. 0-0 dxc4 9. Bxc4 Nd5 10. Bxe7 Qxe7 11. Nxd5 exd5 12. Bd3 Nf6 13. Qc2 Bg4 14. Ne5 Bh5 15. a3 Bg6 16. Nxg6 hxg6 17. b4 a6 18. Rfb1 Ne4 19. Bxe4 Qxe4 20. Qxe4 dxe4 21. a4 Rfd8 22. Ra2 Kf8 23. Rc2 Rd5 24. Rc5 Rad8 25. Rbc1 Ke7 26. Kf1 Ke6 27. Ke2 Ke7 28. f3 exf3+ 29. Kxf3 R8d6 30. Ke4 Re6+ 31. Kd3 Red6 32. Rf1 Rh5 33. h3 Rhd5 34. Rb1 Ke6 35. Rb2 Ke7 36. Kc4 b6 37. Rxd5 cxd5+ 38. Kd3 Rc6 1/2-1/2

[Event "BL2-Ost 0809"]
[Site "Germany"]
[Date "2008.12.14"]
[Round "4.7"]
[White "Orsag, Milan"]
[Black "Eidner, Falk"]
[Result "1-0"]
[WhiteElo "2425"]
[BlackElo "2005"]
[PlyCount "44"]
[EventDate "2008.10.05"]
[EventType "team-tourn"]
[EventRounds "9"]
[EventCountry "GER"]
[SourceTitle "CBM 129 Extra"]
[Source "ChessBase"]
[SourceDate "2009.05.05"]
[SourceVersion "2"]
[SourceVersionDate "2009.05.20"]
[SourceQuality "1"]
[WhiteTeam "Forchheim"]
[BlackTeam "Chemnitz"]
[WhiteTeamCountry "GER"]
[BlackTeamCountry "GER"]

1. d4 e6 2. c4 Nf6 3. Nf3 Bb4+ 4. Nbd2 b6 5. a3 Bxd2+ 6. Bxd2 Bb7 7. Bg5 h6 8. Bh4 g5 9. Bg3 Ne4 10. Nd2 Nxg3 11. hxg3 Qf6 12. e3 d6 13. Qc2 Nd7 14. g4 e5 15. d5 Qe7 16. Bd3 c6 17. dxc6 Bxc6 18. Be4 Rc8 19. Bxc6 Rxc6 20. Qa4 Rc7 21. Ne4 Qe6 22. Rd1 Qxg4 1-0

[Event "Oberliga Ost-A 0708"]
[Site "Germany"]
[Date "2008.04.19"]
[Round "10.8"]
[White "Hentze, Markus"]
[Black "Eidner, Falk"]
[Result "1/2-1/2"]
[WhiteElo "1939"]
[BlackElo "1973"]
[PlyCount "48"]
[EventDate "2007.09.23"]
[EventType "team-tourn"]
[EventRounds "11"]
[EventCountry "GER"]
[SourceTitle "EXT 2009"]
[Source "ChessBase"]
[SourceDate "2008.11.26"]
[SourceVersion "1"]
[SourceVersionDate "2008.11.26"]
[SourceQuality "1"]
[WhiteTeam "Leipzig Gohlis II"]
[BlackTeam "Chemnitz"]
[WhiteTeamCountry "GER"]
[BlackTeamCountry "GER"]

1. e4 e5 2. Nf3 Nc6 3. Bb5 a6 4. Ba4 Nf6 5. 0-0 b5 6. Bb3 Be7 7. Re1 0-0 8. c3 d5 9. exd5 Nxd5 10. Nxe5 Nxe5 11. Rxe5 c6 12. d4 Bd6 13. Re1 Qh4 14. g3 Qh3 15. Be3 Bg4 16. Qd3 Rae8 17. Nd2 Re6 18. Qf1 Qh5 19. f3 Rf6 20. Qg2 Bxf3 21. Nxf3 Qxf3 22. Bxd5 Qxd5 23. Qxd5 cxd5 24. Bg5 Re6 1/2-1/2

[Event "Oberliga Ost-A 0708"]
[Site "Germany"]
[Date "2007.11.04"]
[Round "3.7"]
[White "Kuna, Ralf Michael"]
[Black "Eidner, Falk"]
[Result "1/2-1/2"]
[WhiteElo "2125"]
[BlackElo "1973"]
[PlyCount "30"]
[EventDate "2007.09.23"]
[EventType "team-tourn"]
[EventRounds "11"]
[EventCountry "GER"]
[SourceTitle "EXT 2009"]
[Source "ChessBase"]
[SourceDate "2008.11.26"]
[SourceVersion "1"]
[SourceVersionDate "2008.11.26"]
[SourceQuality "1"]
[WhiteTeam "Magdeburg Rochade"]
[BlackTeam "Chemnitz"]
[WhiteTeamCountry "GER"]
[BlackTeamCountry "GER"]

1. e4 e5 2. Nf3 Nc6 3. Bb5 a6 4. Ba4 Nf6 5. 0-0 Be7 6. Re1 b5 7. Bb3 0-0 8. c3 d5 9. exd5 Nxd5 10. Nxe5 Nxe5 11. Rxe5 Nf6 12. h3 Bd6 13. Re3 Bb7 14. d4 Qd7 15. Nd2 Bf4 1/2-1/2

[Event "GER-ch U25"]
[Site "Willingen"]
[Date "2007.06.01"]
[Round "9"]
[White "Voss, Chantal"]
[Black "Eidner, Falk"]
[Result "1-0"]
[WhiteElo "1665"]
[BlackElo "1951"]
[PlyCount "81"]
[EventDate "2007.05.26"]
[EventType "swiss"]
[EventRounds "9"]
[EventCountry "GER"]
[SourceTitle "CBM 118 Extra"]
[Source "ChessBase"]
[SourceDate "2007.07.04"]
[SourceVersion "1"]
[SourceVersionDate "2007.07.04"]
[SourceQuality "1"]

1. d4 Nf6 2. Nf3 e6 3. e3 b6 4. c4 Bb7 5. Bd3 Ne4 6. Nbd2 Bb4 7. 0-0 f5 8. a3 Bxd2 9. Nxd2 0-0 10. Qc2 Ng5 11. b4 Rf6 12. f3 Rg6 13. e4 f4 14. Nb3 Qf8 15. Qd2 Rf6 16. e5 Rf7 17. h4 Nxf3+ 18. gxf3 Nc6 19. Be4 Qe7 20. Qh2 Raf8 21. Ra2 Kh8 22. Rg2 Nd8 23. Bxb7 Nxb7 24. Rg4 c5 25. Bd2 a5 26. dxc5 axb4 27. axb4 bxc5 28. b5 d5 29. exd6 Qxd6 30. Qe2 e5 31. Bc3 Rf5 32. Rd1 Qf6 33. Rd7 h5 34. Rg2 Nd6 35. Nxc5 Nf7 36. Be1 g5 37. Ne4 Qe6 38. Rd2 g4 39. c5 g3 40. c6 Nh6 41. Rd6 1-0

[Event "Sachsen-ch U18"]
[Site "Sebnitz"]
[Date "2007.04.14"]
[Round "7"]
[White "Rudolf, Sebastian"]
[Black "Eidner, Falk"]
[Result "1-0"]
[WhiteElo "2114"]
[BlackElo "1866"]
[PlyCount "119"]
[EventDate "2007.04.10"]
[EventType "swiss"]
[EventRounds "7"]
[EventCountry "GER"]
[SourceTitle "EXT 2008"]
[Source "ChessBase"]
[SourceDate "2007.11.25"]
[SourceVersion "1"]
[SourceVersionDate "2007.11.25"]
[SourceQuality "1"]

1. e4 e5 2. Nf3 Nc6 3. d4 exd4 4. Nxd4 Bc5 5. Nxc6 Qf6 6. Qd2 dxc6 7. Nc3 Ne7 8. Bd3 0-0 9. 0-0 Be6 10. Qf4 Qxf4 11. Bxf4 Bd6 12. Be3 f5 13. Rfe1 Ng6 14. exf5 Bxf5 15. Ne4 Ne5 16. Nxd6 cxd6 17. Bxf5 Rxf5 18. Bd4 Ng6 19. f3 a6 20. Kf2 Rff8 21. Re6 d5 22. Rae1 Kf7 23. g3 Rfc8 24. f4 c5 25. Bc3 d4 26. Ba5 Rc6 27. Rxc6 bxc6 28. c4 Nf8 29. Kf3 Rb8 30. b3 Nd7 31. Bc7 Re8 32. Rxe8 Kxe8 33. g4 Ke7 34. h3 Nf6 35. g5 Nd7 36. f5 Kf7 37. Ke4 Ke7 38. h4 h6 39. a3 h5 40. Bg3 Kd8 41. Bd6 a5 42. Bf4 Nb6 43. a4 Nc8 44. Bd2 Nd6+ 45. Ke5 Nb7 46. Ke6 Ke8 47. Be1 d3 48. Bd2 Nd8+ 49. Ke5 Nb7 50. f6 gxf6+ 51. Kxf6 Nd6 52. Ke5 Nb7 53. Ke4 Ke7 54. Kxd3 Ke6 55. Ke4 Nd6+ 56. Kf4 Nb7 57. Be1 Kf7 58. Kf5 Nd6+ 59. Ke5 Nb7 60. Bc3 1-0

[Event "Sachsen-ch U18"]
[Site "Sebnitz"]
[Date "2007.04.12"]
[Round "4"]
[White "Eidner, Falk"]
[Black "Schaefer, Erik"]
[Result "0-1"]
[WhiteElo "1866"]
[BlackElo "1956"]
[PlyCount "104"]
[EventDate "2007.04.10"]
[EventType "swiss"]
[EventRounds "7"]
[EventCountry "GER"]
[SourceTitle "EXT 2008"]
[Source "ChessBase"]
[SourceDate "2007.11.25"]
[SourceVersion "1"]
[SourceVersionDate "2007.11.25"]
[SourceQuality "1"]

1. e4 c5 2. Nf3 e6 3. d4 cxd4 4. Nxd4 a6 5. Bd3 Qc7 6. Qe2 Nc6 7. Nxc6 dxc6 8. 0-0 Nf6 9. Kh1 Be7 10. Be3 0-0 11. Nd2 e5 12. h3 Re8 13. Rae1 b5 14. f4 Bb7 15. fxe5 Qxe5 16. Rf5 Qe6 17. e5 Nd7 18. Bg5 g6 19. Bxe7 Rxe7 20. Rff1 Rae8 21. Ne4 Qxe5 22. Qf2 c5 23. Qh4 f5 24. Ng5 Qg7 25. Bc4+ bxc4 26. Qxc4+ Kh8 27. Nf7+ Qxf7 28. Qxf7 Rxf7 29. Rxe8+ Kg7 30. Rfe1 Nf6 31. Rd8 Ne4 32. Kg1 Kf6 33. c3 a5 34. Red1 Ke6 35. Re8+ Re7 36. Red8 a4 37. a3 Bc6 38. Rb8 Bd5 39. Rb6+ Ke5 40. Re1 Bb3 41. Rc6 Kd5 42. Rc8 Rd7 43. Rb8 Kc4 44. Re2 Kd3 45. Re1 Kd2 46. Rf1 Kc2 47. g4 fxg4 48. Re8 Nd2 49. Rf2 Kxb2 50. Ree2 Kxc3 51. hxg4 Bc4 52. Re3+ Rd3 0-1

[Event "Sachsen-ch U18"]
[Site "Sebnitz"]
[Date "2007.04.11"]
[Round "2"]
[White "Zimmermann, Rene"]
[Black "Eidner, Falk"]
[Result "0-1"]
[WhiteElo "1850"]
[BlackElo "1866"]
[PlyCount "86"]
[EventDate "2007.04.10"]
[EventType "swiss"]
[EventRounds "7"]
[EventCountry "GER"]
[SourceTitle "EXT 2008"]
[Source "ChessBase"]
[SourceDate "2007.11.25"]
[SourceVersion "1"]
[SourceVersionDate "2007.11.25"]
[SourceQuality "1"]

1. d4 e6 2. c3 Nf6 3. Bg5 d5 4. Nd2 Be7 5. Bxf6 Bxf6 6. f4 Nd7 7. Ngf3 c5 8. e3 Qc7 9. Bd3 a6 10. 0-0 0-0 11. Ne5 g6 12. Qg4 Qb6 13. Ndf3 c4 14. Bc2 Qxb2 15. Ba4 b5 16. h4 bxa4 17. h5 Qc2 18. hxg6 hxg6 19. Qh3 Kg7 20. g4 Rh8 21. Qg3 Qxc3 22. Rae1 Nxe5 23. dxe5 Be7 24. f5 exf5 25. gxf5 Bxf5 26. Nd4 Be4 27. Nf3 Raf8 28. Re2 Bd3 29. Nd4 Be4 30. Nf3 Bxf3 31. Rxf3 Rh5 32. Rg2 Rg5 33. Qf4 Rxg2+ 34. Kxg2 Qc2+ 35. Kg1 Qe4 36. Qg3 Qb1+ 37. Rf1 Qe4 38. Rf4 Qd3 39. Qe1 Bc5 40. Kf2 d4 41. exd4 Bxd4+ 42. Kg2 Rh8 43. Rf3 Qc2+ 0-1

[Event "Sachsen-ch U18"]
[Site "Sebnitz"]
[Date "2007.04.10"]
[Round "1"]
[White "Eidner, Falk"]
[Black "Haustein, Marti"]
[Result "1-0"]
[WhiteElo "1866"]
[BlackElo "1766"]
[PlyCount "89"]
[EventDate "2007.04.10"]
[EventType "swiss"]
[EventRounds "7"]
[EventCountry "GER"]
[SourceTitle "EXT 2008"]
[Source "ChessBase"]
[SourceDate "2007.11.25"]
[SourceVersion "1"]
[SourceVersionDate "2007.11.25"]
[SourceQuality "1"]

1. e4 e6 2. d4 d5 3. Nc3 c6 4. Nf3 Nd7 5. Bd3 dxe4 6. Nxe4 Ngf6 7. Nxf6+ Nxf6 8. Qe2 Qc7 9. Bd2 b6 10. 0-0-0 Bb7 11. Ne5 0-0-0 12. c3 h6 13. Rhe1 Bd6 14. Ba6 Rhf8 15. Bxb7+ Kxb7 16. c4 Nd7 17. Bc3 Nxe5 18. dxe5 Be7 19. Qg4 f5 20. exf6 Bxf6 21. Bxf6 Rxd1+ 22. Rxd1 Rxf6 23. f3 Kc8 24. g3 Qf7 25. Qd4 Qe7 26. f4 Rf8 27. Qe5 Re8 28. Rd6 Kb7 29. c5 g5 30. Qe4 Qc7 31. f5 e5 32. b4 h5 33. b5 Kb8 34. Rxc6 Qb7 35. cxb6 axb6 36. Qe3 Rc8 37. Qxe5+ Ka8 38. Qc3 Rd8 39. f6 Qd7 40. Qa3+ Qa7 41. Qf3 Kb8 42. Qe3 Qa5 43. Rxb6+ Kc7 44. Qc5+ Kd7 45. Qc6# 1-0

[Event "Sachsen-ch U18"]
[Site "Sebnitz"]
[Date "2006.04.21"]
[Round "6"]
[White "Eidner, Falk"]
[Black "Zebisch, Paul"]
[Result "1/2-1/2"]
[WhiteElo "1948"]
[BlackElo "2039"]
[PlyCount "57"]
[EventDate "2006.04.18"]
[EventType "swiss"]
[EventRounds "7"]
[EventCountry "GER"]
[SourceTitle "EXT 2007"]
[Source "ChessBase"]
[SourceDate "2006.11.23"]
[SourceVersion "1"]
[SourceVersionDate "2006.11.23"]
[SourceQuality "1"]

1. e4 e5 2. Nf3 Nc6 3. Bc4 Nf6 4. d3 Be7 5. Nc3 d6 6. h3 Na5 7. Bb3 Nxb3 8. axb3 c5 9. 0-0 h6 10. Nd2 g5 11. Nc4 Be6 12. Bd2 Rg8 13. Ne2 Nh5 14. Kh2 Nf4 15. Bxf4 gxf4 16. Nd2 Qd7 17. Rg1 a6 18. c4 0-0-0 19. Nf3 f5 20. Nc3 Rg7 21. Qc2 Rdg8 22. Ne2 Qe8 23. Ne1 fxe4 24. dxe4 Qh5 25. Qd3 f3 26. Ng3 Qh4 27. Nxf3 Rxg3 28. fxg3 Qxg3+ 29. Kh1 1/2-1/2